| 000 | 00365nam a2200157Ia 4500 | ||
|---|---|---|---|
| 008 | 230312s9999||||xx |||||||||||||| ||und|| | ||
| 020 | _a81-775-8382-3 | ||
| 082 |
_a339 _bFRO-M |
||
| 100 | _aFroyen,Richard | ||
| 245 | 0 | _aMacroeconomics | |
| 260 |
_bPEARSONS _aIndia _c2005 |
||
| 300 | _a528 | ||
| 546 | _aEng. | ||
| 650 |
_aEconomics _vMacroeconomics |
||
| 942 | _cBK | ||
| 999 |
_c6481 _d6481 |
||